000
nam a22 7a 4500
999
_c
232758
_d
232758
003
Nust
005
20170223112615.0
008
170223b xxu||||| |||| 00| 0 eng d
040
_c
DLC
082
_a
891.4393 MUM
245
_a
اوکھے اولڑے
_c
ممتا ز مفتی
260
_a
Lahore :
_c
1995
300
_a
258p. :
_c
25cm
942
_2
ddc
_c
BK